Begins and Ends: NCAA Division I Teams Quiz Stats

 Plays Quiz Updated Mar 28, 2018

Support Sporcle.
Go Orange.
Score 0/20 Timer 04:00
3 Plays Today
Begins and Ends Team % Correct
O _ E    M _ _ S    R _ _ _ _ SOle Miss Rebels
86.9%
M _ _ _ I    H _ _ _ _ _ _ _ _ SMiami Hurricanes
79.6%
D _ _ E    B _ _ E    D _ _ _ _ SDuke Blue Devils
75.5%
V _ _ _ _ _ _ A    C _ _ _ _ _ _ _ SVirginia Cavaliers
73.8%
S _ _ _ N    H _ _ L    P _ _ _ _ _ SSeton Hall Pirates
73.2%
W _ _ _ _ _ _ _ N    B _ _ _ _ _ SWisconsin Badgers
72.5%
C _ _ _ _ _ _ _ _ I    B _ _ _ _ _ _ SCincinnati Bearcats
71.2%
M _ _ _ _ _ _ D    T _ _ _ _ _ _ _ SMaryland Terrapins
68.5%
T _ _ _ S    L _ _ _ _ _ _ _ STexas Longhorns
66.5%
O _ _ _ _ N    D _ _ _ SOregon Ducks
65.5%
Begins and Ends Team % Correct
M _ _ _ _ _ _ N    W _ _ _ _ _ _ _ _ SMichigan Wolverines
64.9%
V _ _ _ _ _ _ _ A    W _ _ _ _ _ _ SVillanova Wildcats
64.4%
B _ _ _ _ R    B _ _ _ SBaylor Bears
63.9%
B _ _ _ E    S _ _ _ E    B _ _ _ _ _ SBoise State Broncos
54.6%
S _ _ _ _ _ _ D    C _ _ _ _ _ _ LStanford Cardinal
47.7%
H _ _ _ _ _ D    C _ _ _ _ _ NHarvard Crimson
42.4%
S _ _ _ _ _ _ E    O _ _ _ _ ESyracuse Orange
35.6%
C _ _ _ _ _ N    T _ _ _ _ SClemson Tigers
31.5%
D _ _ _ _ N    F _ _ _ _ SDayton Flyers
27.9%
B _ _ _ _ R    B _ _ _ _ _ _ SButler Bulldogs
20.5%

You're not logged in!

Compare scores with friends on all Sporcle quizzes.
OR
Log In

From the Vault

Is That a Real Gemstone?

by Frostfire77

This knowledge could come in handy if you ever decide to open a jewelry store.
Remove Ads.
Support Sporcle.
Get the best of Sporcle when you Go Orange. This ad-free experience offers more features, more stats, and more fun while also helping to support Sporcle. Thank you for becoming a member.

Show Comments

Extras

Top Quizzes Today


Score Distribution

Your Account Isn't Verified!

In order to create a playlist on Sporcle, you need to verify the email address you used during registration. Go to your Sporcle Settings to finish the process.

Report this User

Report this user for behavior that violates our Community Guidelines.

Details: